000 00472nam a2200181Ia 4500
001 65739
008 230512n ii |||gr||||Z||||||asm
082 _a891.4108
100 _aBorgohain, Homen.
245 0 _aKishor Sarathe
_cBy Homen Borgohain
_hTextual Documents
250 _a2nd edn.
260 _aGuwahati
_bStudent`s Stores
_c2017.
300 _a543pg:
_c30cm.
653 _aAssamese
653 _aKishor Sarathe
653 _aG=-H B Collection
942 _2ddc
_cBK
999 _c66832
_d66832